| 000 | 01042nabaa22002177a 4500 | ||
|---|---|---|---|
| 999 |
_c6119 _d6119 |
||
| 003 | OSt | ||
| 005 | 20260122204002.0 | ||
| 008 | 190701b xxu||||| |||| 00| 0 spa d | ||
| 040 | _cPJ | ||
| 100 |
_96885 _aPiscitello, Mercedes |
||
| 245 | 1 | 0 |
_aParticipación ciudadana en el debate de sanción de las leyes : _cmodalidades habilitadas. Nuevas prácticas. Necesidad de fortalecimiento / _bMercedes Piscitello. |
| 300 | _ap. 36-45 | ||
| 505 | _aSumario: I. Resumen.— II. La iniciativa popular.— III. Presentaciones de particulares. Derecho a peticionar.— IV. Las reuniones informativas.— V. Conclusiones.— VI. Bibliografía. | ||
| 505 | _t¿Te interesa el texto completo? Comunicate al correo: koha@justierradelfuego.gov.ar | ||
| 650 | 0 |
_9211 _aDERECHO ADMINISTRATIVO |
|
| 650 | 0 |
_93535 _aLEYES |
|
| 650 | 0 |
_91200 _aPARTICIPACION CIUDADANA |
|
| 650 | 0 |
_96258 _aDERECHO DE PETICIONAR |
|
| 773 | 0 |
_02842 _93251 _dBuenos Aires : AbeledoPerrot, 2012- _oDA121 _tDerecho administrativo. Nº 147 mayo/junio 2023 _z18510590 |
|
| 942 |
_2udc _cANA |
||